000 00301nam a22001337a 4500
008 210426b ||||| |||| 00| 0 eng d
041 _aeng
080 _a541
082 _a541
100 _a12
101 _aKIM
245 _aBeilsteins Handbuch der Organischen Chemie
_cPrager,B
942 _2udc
_cBK
999 _c56770
_d56770